[Event "Paris ch 2005"]
[Site "Paris FRA"]
[Date "2005.07.14"]
[Round "6.3"]
[White "Tregubov, Pavel V"]
[Black "Yakovich, Yuri"]
[Result "1/2-1/2"]
[WhiteElo "2607"]
[BlackElo "2560"]
[PlyCount "74"]
[EventDate "2005.07.09"]
[EventType "swiss"]
[EventRounds "9"]
[EventCountry "FRA"]
[Source "lmi"]
[SourceDate "2005.07.17"]

1. d4 Nf6 2. c4 e6 3. Nf3 d5 4. Nc3 dxc4 5. Qa4+ c6 6. Qxc4 b5 7. Qd3 Nbd7 8.
e4 b4 9. Na4 Bb7 10. e5 Nd5 11. Bd2 N5b6 12. Nxb6 Qxb6 13. Be3 c5 14. Rc1 Rc8
15. Be2 Be7 16. Nd2 O-O 17. Nc4 Qc6 18. Bf3 Qa6 19. Bxb7 Qxb7 20. O-O Rfd8 21.
Nd6 Bxd6 22. exd6 Qd5 23. Qb5 Rb8 24. Qc4 Qxc4 25. Rxc4 Nb6 26. Rxc5 Nd5 27.
Rc6 Rb6 28. Rfc1 Kf8 29. Rxb6 axb6 30. Bd2 Ke8 31. b3 Ra8 32. Rc2 Kd7 33. Kf1
Kxd6 34. Ke2 Ra7 35. Kd3 h6 36. f3 Ra8 37. Be1 Kd7 1/2-1/2

[Event "Paris ch 2005"]
[Site "Paris FRA"]
[Date "2005.07.14"]
[Round "6.8"]
[White "Malakhatko, Vadim"]
[Black "Meinhardt, Maximilian"]
[Result "1-0"]
[WhiteElo "2556"]
[BlackElo "2324"]
[PlyCount "77"]
[EventDate "2005.07.09"]
[EventType "swiss"]
[EventRounds "9"]
[EventCountry "FRA"]
[Source "lmi"]
[SourceDate "2005.07.17"]

1. d4 d5 2. c4 e6 3. Nf3 c5 4. cxd5 exd5 5. g3 Nc6 6. Bg2 Nf6 7. O-O Be7 8. Nc3
O-O 9. Bg5 c4 10. Ne5 Be6 11. b3 Qa5 12. Qd2 Rad8 13. bxc4 Nxd4 14. Qxd4 dxc4
15. Qe3 Bc5 16. Qf4 Qxc3 17. Bxf6 gxf6 18. Qxf6 Bd4 19. Qg5+ Kh8 20. Qf6+ Kg8
21. Qg5+ Kh8 22. Rac1 Qa3 23. Qf6+ Kg8 24. Qg5+ Kh8 25. Qf6+ Kg8 26. Be4 Bxe5
27. Qxe5 Qa6 28. Qg5+ Kh8 29. Qf6+ Kg8 30. Qh6 f5 31. Bxb7 Qxb7 32. Qxe6+ Qf7
33. Qxf7+ Rxf7 34. Rxc4 Rd2 35. e3 Rxa2 36. Rd1 a5 37. Rd8+ Kg7 38. Ra8 Rb7 39.
Ra6 1-0

[Event "Paris ch 2005"]
[Site "Paris FRA"]
[Date "2005.07.14"]
[Round "6.9"]
[White "Vijayalakshmi, Subbaraman"]
[Black "Apicella, Manuel"]
[Result "1-0"]
[WhiteElo "2414"]
[BlackElo "2553"]
[PlyCount "99"]
[EventDate "2005.07.09"]
[EventType "swiss"]
[EventRounds "9"]
[EventCountry "FRA"]
[Source "lmi"]
[SourceDate "2005.07.17"]

1. d4 d5 2. c4 e6 3. Nc3 c6 4. Nf3 dxc4 5. a4 Bb4 6. e3 b5 7. Bd2 a5 8. axb5
Bxc3 9. Bxc3 cxb5 10. b3 Bb7 11. bxc4 b4 12. Bb2 Nf6 13. Bd3 O-O 14. O-O Nbd7
15. Nd2 e5 16. Bc2 Qc7 17. f4 exd4 18. exd4 Rfc8 19. Rc1 Qb6 20. Kh1 b3 21. Bf5
a4 22. d5 Nc5 23. Rf3 Re8 24. Ba3 Bc8 25. Bb1 Bg4 26. Qg1 Rac8 27. Re3 Qa5 28.
Nf1 Nce4 29. h3 Bd7 30. c5 Bb5 31. d6 Bc6 32. Rce1 Nc3 33. Bf5 Rb8 34. Rxe8+
Bxe8 35. Qf2 Ncd5 36. Ne3 Nxe3 37. Rxe3 Bc6 38. Bb2 Qd8 39. Re7 Nd5 40. Qd4 Qf8
41. Rc7 Nxc7 42. dxc7 Re8 43. c8=Q Rxc8 44. Bxc8 a3 45. Bc3 b2 46. Bf5 f6 47.
Bb1 h6 48. Qc4+ Qf7 49. Qxf7+ Kxf7 50. Bb4 1-0

[Event "Paris ch 2005"]
[Site "Paris FRA"]
[Date "2005.07.14"]
[Round "6.10"]
[White "Kengis, Edvins"]
[Black "Marzolo, Cyril"]
[Result "1-0"]
[WhiteElo "2534"]
[BlackElo "2388"]
[PlyCount "52"]
[EventDate "2005.07.09"]
[EventType "swiss"]
[EventRounds "9"]
[EventCountry "FRA"]
[Source "lmi"]
[SourceDate "2005.07.17"]

1. Nf3 Nf6 2. c4 c6 3. g3 g6 4. b3 Bg7 5. Bb2 d5 6. Bg2 O-O 7. O-O a5 8. d3 Qb6
9. Nc3 a4 10. Nxa4 Rxa4 11. c5 Qb4 12. a3 Qb5 13. Bxf6 Bxf6 14. bxa4 Qxc5 15.
d4 Qa7 16. e3 Nd7 17. Rb1 b6 18. Qb3 Bb7 19. Rfc1 Ra8 20. Bh3 e6 21. e4 dxe4
22. Bxe6 exf3 23. Bxd7 Bxd4 24. Bxc6 Bxc6 25. Rxc6 Qxa4 26. Qxf3 Ra7 1-0

[Event "Paris ch 2005"]
[Site "Paris FRA"]
[Date "2005.07.14"]
[Round "6.11"]
[White "Pelikian, Jefferson"]
[Black "Ghaem Maghami, Ehsan"]
[Result "1/2-1/2"]
[WhiteElo "2405"]
[BlackElo "2603"]
[PlyCount "79"]
[EventDate "2005.07.09"]
[EventType "swiss"]
[EventRounds "9"]
[EventCountry "FRA"]
[Source "lmi"]
[SourceDate "2005.07.17"]

1. e4 c5 2. Nf3 d6 3. Bc4 e6 4. O-O Nc6 5. Re1 Nf6 6. Bb3 b5 7. c3 c4 8. Bc2 a6
9. a4 Rb8 10. axb5 axb5 11. d4 cxd3 12. Qxd3 Nd7 13. Nd4 Nde5 14. Qg3 Bd7 15.
Bf4 Qc7 16. Nxc6 Bxc6 17. Rd1 h5 18. h4 g6 19. Nd2 Be7 20. Nf3 Nxf3+ 21. Qxf3
Kf8 22. Qg3 e5 23. Bg5 Kg7 24. Ra6 Bxg5 25. Qxg5 Ra8 26. Rxa8 Rxa8 27. Qd2 Rd8
28. Qe3 Rb8 29. Qd3 Rd8 30. Bb3 Qe7 31. g3 Qb7 32. Bd5 Rc8 33. Bxc6 Rxc6 34.
Qd5 Qa6 35. Kg2 Rc4 36. Rd3 Rc6 37. Rf3 Rc7 38. Rd3 Rc4 39. Rf3 Rc7 40. Rd3
1/2-1/2

[Event "Paris ch 2005"]
[Site "Paris FRA"]
[Date "2005.07.14"]
[Round "6.12"]
[White "Ak Hirawan, Mohd Omar"]
[Black "Bagheri, Amir"]
[Result "0-1"]
[WhiteElo "2364"]
[BlackElo "2537"]
[PlyCount "64"]
[EventDate "2005.07.09"]
[EventType "swiss"]
[EventRounds "9"]
[EventCountry "FRA"]
[Source "lmi"]
[SourceDate "2005.07.17"]

1. e4 c6 2. d4 d5 3. Nc3 dxe4 4. Nxe4 Nd7 5. Nf3 Ngf6 6. Nxf6+ Nxf6 7. Bc4 Bf5
8. Qe2 e6 9. Bg5 Qa5+ 10. c3 Ne4 11. O-O Nxg5 12. Nxg5 Be7 13. b4 Qc7 14. Ne4
O-O 15. f4 a5 16. Ng3 axb4 17. Nxf5 exf5 18. cxb4 Bxb4 19. Qd3 Rad8 20. Rad1
Bc5 21. Qxf5 Bxd4+ 22. Kh1 b5 23. Bd3 g6 24. Qg5 f5 25. Rfe1 Rd7 26. a4 bxa4
27. Bc4+ Kh8 28. Be6 Rd6 29. Qg3 Bb2 30. Qf2 a3 31. Qc5 Rfd8 32. Rb1 Rxe6 0-1

[Event "Paris ch 2005"]
[Site "Paris FRA"]
[Date "2005.07.14"]
[Round "6.13"]
[White "Zaragatski, Ilja"]
[Black "Moradiabadi, Elshan"]
[Result "0-1"]
[WhiteElo "2389"]
[BlackElo "2485"]
[PlyCount "54"]
[EventDate "2005.07.09"]
[EventType "swiss"]
[EventRounds "9"]
[EventCountry "FRA"]
[Source "lmi"]
[SourceDate "2005.07.17"]

1. e4 c5 2. Nf3 e6 3. d4 cxd4 4. Nxd4 a6 5. Nc3 Qc7 6. Bd3 b5 7. O-O Bb7 8. Re1
Nf6 9. e5 Nd5 10. Nxd5 Bxd5 11. Qg4 Nc6 12. Nxc6 Qxc6 13. Bd2 Qb7 14. b4 Bc6
15. c4 bxc4 16. Bxc4 g6 17. Rab1 h5 18. Qh3 Bg7 19. Bg5 O-O 20. Bf6 Be4 21. Rb3
Rac8 22. Be2 Rc2 23. Qh4 Rfc8 24. Qg5 Qd5 25. Bxh5 Bxf6 26. Qxf6 Rc1 27. Rbe3
Qd2 0-1

[Event "Paris ch 2005"]
[Site "Paris FRA"]
[Date "2005.07.14"]
[Round "6.14"]
[White "Nguyen, Chi-Minh"]
[Black "Reinaldo Castineira, Roi"]
[Result "1-0"]
[WhiteElo "2371"]
[BlackElo "2447"]
[PlyCount "57"]
[EventDate "2005.07.09"]
[EventType "swiss"]
[EventRounds "9"]
[EventCountry "FRA"]
[Source "lmi"]
[SourceDate "2005.07.17"]

1. d4 e6 2. c4 c5 3. d5 exd5 4. cxd5 d6 5. Nc3 g6 6. e4 Bg7 7. h3 a6 8. a4 Ne7
9. Nf3 O-O 10. Bd3 f5 11. O-O h6 12. Re1 fxe4 13. Bxe4 Nf5 14. Bf4 Qf6 15. Qd2
Nd4 16. Nxd4 cxd4 17. Ne2 g5 18. Bg3 Re8 19. Nxd4 Qxd4 20. Bh7+ Kf7 21. Qc2 Be5
22. Bxe5 Rxe5 23. Qxc8 Qb6 24. Qg8+ Ke7 25. Qg7+ Ke8 26. Bg6+ Kd8 27. Qf6+ Kc7
28. Rxe5 Nd7 29. Re7 1-0

[Event "Paris ch 2005"]
[Site "Paris FRA"]
[Date "2005.07.14"]
[Round "6.15"]
[White "Chabanon, Jean-Luc"]
[Black "Govciyan, Pavel"]
[Result "0-1"]
[WhiteElo "2426"]
[BlackElo "2328"]
[PlyCount "72"]
[EventDate "2005.07.09"]
[EventType "swiss"]
[EventRounds "9"]
[EventCountry "FRA"]
[Source "lmi"]
[SourceDate "2005.07.17"]

1. d4 Nf6 2. c4 c5 3. d5 b5 4. Nf3 Bb7 5. a4 Qa5+ 6. Bd2 b4 7. g3 e6 8. dxe6
fxe6 9. Bg2 Be7 10. O-O Qa6 11. b3 Nc6 12. Ng5 h6 13. Nh3 g5 14. f4 O-O-O 15.
e4 Nd4 16. Re1 g4 17. Nf2 h5 18. Bxb4 h4 19. Bc3 hxg3 20. hxg3 Nh5 21. b4 e5
22. b5 Qh6 23. Nxg4 Qg7 24. Nxe5 Qxg3 25. Bxd4 Nxf4 26. Ra2 Rdf8 27. Nf3 cxd4
28. Qxd4 Nh3+ 29. Kf1 Rxf3+ 30. Bxf3 Qxf3+ 31. Rf2 Qxf2+ 32. Qxf2 Nxf2 33. Ke2
Nxe4 34. Kd3 Rh3+ 35. Re3 Nc5+ 36. Ke2 Rh2+ 0-1

[Event "Paris ch 2005"]
[Site "Paris FRA"]
[Date "2005.07.14"]
[Round "6.16"]
[White "Amigues, Emmanuel"]
[Black "Sher, Miron N"]
[Result "0-1"]
[WhiteElo "2317"]
[BlackElo "2420"]
[PlyCount "76"]
[EventDate "2005.07.09"]
[EventType "swiss"]
[EventRounds "9"]
[EventCountry "FRA"]
[Source "lmi"]
[SourceDate "2005.07.17"]

1. d4 e6 2. c4 Bb4+ 3. Bd2 a5 4. Nf3 d6 5. Nc3 Nf6 6. Qc2 Nbd7 7. a3 Bxc3 8.
Bxc3 Qe7 9. g4 Nxg4 10. Rg1 f5 11. e3 g6 12. O-O-O d5 13. cxd5 exd5 14. Ne5
Ngxe5 15. dxe5 c6 16. f3 Nc5 17. Bd3 Ne6 18. Qf2 b5 19. Qe1 Qc5 20. Kb1 Qb6 21.
Qh4 O-O 22. Rg3 Ra7 23. e4 dxe4 24. fxe4 f4 25. Rf3 b4 26. Be1 bxa3 27. Bc3 Ba6
28. Bxa6 Qxa6 29. Rfd3 Raf7 30. Rd6 Qc4 31. Qg4 Re8 32. R1d4 Qb3 33. Rxc6 Nxd4
34. Rxg6+ hxg6 35. Qxg6+ Kf8 36. Qd6+ Kg7 37. e6 Qxe6 38. Qxd4+ Kh7 0-1

[Event "Paris ch 2005"]
[Site "Paris FRA"]
[Date "2005.07.14"]
[Round "6.17"]
[White "Philippe, Christophe"]
[Black "Spielmann, Alain"]
[Result "0-1"]
[WhiteElo "2411"]
[BlackElo "2283"]
[PlyCount "154"]
[EventDate "2005.07.09"]
[EventType "swiss"]
[EventRounds "9"]
[EventCountry "FRA"]
[Source "lmi"]
[SourceDate "2005.07.17"]

1. e4 c6 2. d4 d5 3. Nc3 dxe4 4. Nxe4 Bf5 5. Ng3 Bg6 6. h4 h6 7. Nf3 Nd7 8. h5
Bh7 9. Bd3 Bxd3 10. Qxd3 Ngf6 11. Bf4 Qa5+ 12. Bd2 Qc7 13. O-O-O O-O-O 14. Ne4
e6 15. g3 Nc5 16. Nxc5 Bxc5 17. c4 Rhe8 18. Bc3 Bb6 19. Qc2 Qe7 20. Kb1 c5 21.
d5 exd5 22. Rhe1 Qd7 23. Ne5 Qc7 24. Qf5+ Kb8 25. cxd5 Nxd5 26. Nd7+ Qxd7 27.
Qxd7 Rxd7 28. Rxe8+ Kc7 29. Kc2 f6 30. Rde1 c4 31. R1e2 Bc5 32. a3 Kc6 33. Rc8+
Kd6 34. Rd2 b6 35. Bd4 Bxd4 36. Rxd4 b5 37. Re8 Kc5 38. Rd2 a5 39. Rc8+ Kb6 40.
Kd1 a4 41. Kc2 Rd6 42. Re2 Kb7 43. Rg8 Rd7 44. Ree8 Nc7 45. Re4 Kc6 46. Re2 Kc5
47. Rc8 Kb6 48. Rd2 Nd5 49. Kd1 Rd6 50. Ke2 Re6+ 51. Kf3 Re5 52. Rg8 Rf5+ 53.
Ke4 Re5+ 54. Kf3 Rf5+ 55. Kg2 Rxh5 56. Rxg7 Re5 57. f4 Rf5 58. Kf3 c3 59. bxc3
Nxc3 60. Rd3 Rc5 61. Rd6+ Rc6 62. Rxc6+ Kxc6 63. Rg6 b4 64. Rxf6+ Kb5 65. axb4
a3 66. Rf5+ Kxb4 67. Rf8 a2 68. Ra8 Na4 69. Rb8+ Kc3 70. Rc8+ Kd2 71. Rd8+ Ke1
72. Rd6 h5 73. Re6+ Kf1 74. f5 a1=Q 75. Kf4 Qc1+ 76. Ke5 Qe3+ 77. Kd6 Qxg3+ 0-1

[Event "Paris ch 2005"]
[Site "Paris FRA"]
[Date "2005.07.14"]
[Round "6.18"]
[White "Shirazi, Kamran"]
[Black "Blazkova, Petra"]
[Result "1-0"]
[WhiteElo "2410"]
[BlackElo "2276"]
[PlyCount "101"]
[EventDate "2005.07.09"]
[EventType "swiss"]
[EventRounds "9"]
[EventCountry "FRA"]
[Source "lmi"]
[SourceDate "2005.07.17"]

1. e4 e6 2. d4 d5 3. Nc3 Bb4 4. exd5 exd5 5. h3 Bf5 6. Nge2 c6 7. a3 Bd6 8. g4
Bg6 9. Nf4 Nf6 10. g5 Qe7+ 11. Be2 Ne4 12. Nxe4 Bxe4 13. Rg1 Nd7 14. Be3 O-O-O
15. Qd2 Nb6 16. Qa5 Nc4 17. Bxc4 dxc4 18. O-O-O Qc7 19. Qxc7+ Bxc7 20. Rde1 Bf5
21. h4 Rhe8 22. Nh5 Bg6 23. Nxg7 Rg8 24. h5 Rxg7 25. hxg6 fxg6 26. Rg4 Rd5 27.
Rh1 c3 28. bxc3 Bd6 29. a4 b5 30. axb5 cxb5 31. Rgh4 Ba3+ 32. Kd2 Rdd7 33. c4
bxc4 34. Kc3 Rb7 35. Kxc4 Rgc7+ 36. Kd3 Bb2 37. Bd2 Rf7 38. d5 a5 39. Bxa5 Rb5
40. Rc4+ Kb7 41. Rb4 Rxb4 42. Bxb4 Be5 43. Bd2 Kc7 44. Be3 Kd6 45. c4 Rb7 46.
f4 Bg7 47. Rxh7 Rb3+ 48. Ke4 Bd4 49. c5+ Bxc5 50. Bxc5+ Kxc5 51. Rc7+ 1-0

[Event "Paris ch 2005"]
[Site "Paris FRA"]
[Date "2005.07.14"]
[Round "6.19"]
[White "Abergel, Thal"]
[Black "Paredes Galan, Angel"]
[Result "1-0"]
[WhiteElo "2446"]
[BlackElo "2334"]
[PlyCount "39"]
[EventDate "2005.07.09"]
[EventType "swiss"]
[EventRounds "9"]
[EventCountry "FRA"]
[Source "lmi"]
[SourceDate "2005.07.17"]

1. e4 e6 2. d4 d5 3. Nd2 a6 4. Ngf3 c5 5. exd5 exd5 6. Be2 c4 7. O-O Bd6 8. Re1
Ne7 9. b3 cxb3 10. axb3 Nbc6 11. Ba3 O-O 12. Nf1 Bxa3 13. Rxa3 Qd6 14. Ra2 Nf5
15. c3 Bd7 16. Bd3 Rac8 17. Ne5 Nxe5 18. Rxe5 Rxc3 19. Bxf5 f6 20. Re3 1-0

[Event "Paris ch 2005"]
[Site "Paris FRA"]
[Date "2005.07.14"]
[Round "6.20"]
[White "Rrhioua, Tarik"]
[Black "Serafimov, Tervel"]
[Result "0-1"]
[WhiteElo "2315"]
[BlackElo "2405"]
[PlyCount "122"]
[EventDate "2005.07.09"]
[EventType "swiss"]
[EventRounds "9"]
[EventCountry "FRA"]
[Source "lmi"]
[SourceDate "2005.07.17"]

1. Nf3 g6 2. g3 Bg7 3. Bg2 e5 4. e4 Ne7 5. O-O Nbc6 6. Nc3 O-O 7. d3 h6 8. Be3
f5 9. Qd2 g5 10. exf5 Nxf5 11. Bc5 d6 12. Ba3 Be6 13. Ne1 Nfe7 14. Ne2 Qe8 15.
c3 Qh5 16. f3 Rae8 17. Nc2 Bd5 18. Ne3 Be6 19. Rae1 Nd5 20. Ng4 Qg6 21. Nf2 h5
22. Ne4 Bh6 23. c4 g4 24. f4 exf4 25. cxd5 f3 26. Nf4 Bxf4 27. gxf4 fxg2 28.
Qxg2 Bxd5 29. b3 Rf5 30. Bb2 Ref8 31. Qd2 g3 32. Rf3 h4 33. hxg3 Ne5 34. Bxe5
dxe5 35. Qh2 Rxf4 36. Rxf4 Rxf4 37. Qh3 Be6 38. Qxe6+ Qxe6 39. gxf4 Qg4+ 40.
Kf1 Qh3+ 41. Ke2 exf4 42. Rg1+ Kf8 43. Nf2 Qe3+ 44. Kf1 h3 45. Rg4 h2 46. Rh4
f3 47. Re4 Qxf2+ 48. Kxf2 h1=Q 49. Rf4+ Ke7 50. Rxf3 Qh2+ 51. Ke3 Qxa2 52. b4
Qa3 53. Rf4 Qc1+ 54. Ke4 Ke6 55. Rg4 Qh1+ 56. Kd4 Qc1 57. b5 Qa1+ 58. Ke3 Qb2
59. Re4+ Kd5 60. Rg4 Qc1+ 61. Ke2 Kc5 0-1

[Event "Paris ch 2005"]
[Site "Paris FRA"]
[Date "2005.07.14"]
[Round "6.21"]
[White "Calistri, Tristan"]
[Black "Goldsztejn, Gildas"]
[Result "0-1"]
[WhiteElo "2389"]
[BlackElo "2330"]
[PlyCount "114"]
[EventDate "2005.07.09"]
[EventType "swiss"]
[EventRounds "9"]
[EventCountry "FRA"]
[Source "lmi"]
[SourceDate "2005.07.17"]

1. e4 c6 2. d4 d5 3. Nc3 dxe4 4. Nxe4 Bf5 5. Ng3 Bg6 6. h4 h6 7. Nf3 Nd7 8. h5
Bh7 9. Bd3 Bxd3 10. Qxd3 e6 11. Bf4 Ngf6 12. O-O-O Nd5 13. Bd2 Nb4 14. Qb3 a5
15. Kb1 a4 16. Qe3 Nd5 17. Qe2 b5 18. Ne4 Qb6 19. Rh3 a3 20. b3 Be7 21. c3 c5
22. Ne5 Nxe5 23. dxe5 c4 24. b4 O-O-O 25. Rg3 f5 26. exf6 gxf6 27. Rg6 Rhe8 28.
g4 Qb7 29. Rc1 f5 30. Ng3 Bf6 31. Rxh6 Qg7 32. Rg6 Qh8 33. Qe1 fxg4 34. Rxg4
Be5 35. f4 Bc7 36. Rc2 Nf6 37. Rg5 Rd3 38. Rxb5 Nd5 39. Rc5 Qg8 40. Ne4 Rd8 41.
Nf2 Rf3 42. Rxc4 Qg3 43. Qxe6+ Kb8 44. Ne4 Rf1+ 45. Bc1 Rxc1+ 46. Rxc1 Qd3+ 47.
Ka1 Qxc4 48. Nc5 Qxf4 49. Rd1 Qf2 50. Rb1 Qc2 51. Na6+ Ka7 52. Qc6 Rd6 53. Qc5+
Kxa6 54. b5+ Kb7 55. Qxa3 Qxc3+ 56. Qxc3 Nxc3 57. Rc1 Rd2 0-1

[Event "Paris ch 2005"]
[Site "Paris FRA"]
[Date "2005.07.14"]
[Round "6.22"]
[White "Glicenstein, Asher"]
[Black "Spiridonov, Nikola"]
[Result "1/2-1/2"]
[WhiteElo "2301"]
[BlackElo "2381"]
[PlyCount "48"]
[EventDate "2005.07.09"]
[EventType "swiss"]
[EventRounds "9"]
[EventCountry "FRA"]
[Source "lmi"]
[SourceDate "2005.07.17"]

1. d4 Nf6 2. c4 g6 3. Nc3 d5 4. h4 Bg7 5. h5 O-O 6. hxg6 hxg6 7. Bh6 Bxh6 8.
Rxh6 Kg7 9. Rh1 c6 10. e3 Nbd7 11. Qb3 dxc4 12. Bxc4 Nb6 13. Be2 Nbd5 14. Nf3
Be6 15. Qc2 Qa5 16. Nd2 Rh8 17. Rg1 Nb4 18. Qb1 c5 19. a3 Nc6 20. dxc5 Qxc5 21.
Nde4 Nxe4 22. Nxe4 Qe5 23. f4 Qd5 24. b4 f6 1/2-1/2

[Event "Paris ch 2005"]
[Site "Paris FRA"]
[Date "2005.07.14"]
[Round "6.23"]
[White "Garcia Castro, Pablo"]
[Black "Doucet, Christian"]
[Result "0-1"]
[WhiteElo "2377"]
[BlackElo "2277"]
[PlyCount "94"]
[EventDate "2005.07.09"]
[EventType "swiss"]
[EventRounds "9"]
[EventCountry "FRA"]
[Source "lmi"]
[SourceDate "2005.07.17"]

1. g3 d5 2. Bg2 c6 3. Nf3 Bg4 4. d3 Nd7 5. Nbd2 Ngf6 6. h3 Bh5 7. O-O e5 8. e4
dxe4 9. dxe4 Be7 10. Qe1 O-O 11. Nh4 Re8 12. Nc4 Qc7 13. a4 Bg6 14. Bd2 Nc5 15.
Nxg6 hxg6 16. Bc3 Nfd7 17. h4 Ne6 18. Rd1 f6 19. Qe2 Bc5 20. b4 Bd4 21. Bd2 a6
22. c3 Ba7 23. Be3 Bxe3 24. Qxe3 b5 25. Nd6 Red8 26. Rd3 bxa4 27. Rfd1 a5 28.
Bh3 Ndf8 29. Qd2 axb4 30. cxb4 Nd4 31. Qa2+ Kh7 32. Nf7 Ne2+ 33. Qxe2 Rxd3 34.
Ng5+ fxg5 35. Qxd3 gxh4 36. Kg2 Qf7 37. Qc3 Qf6 38. Rh1 g5 39. Bf5+ g6 40. f4
gxf4 41. Rxh4+ Kg7 42. Rg4 f3+ 43. Qxf3 a3 44. Qd3 a2 45. Bxg6 Nxg6 46. Qd7+
Kg8 47. Qxc6 Qxc6 0-1

[Event "Paris ch 2005"]
[Site "Paris FRA"]
[Date "2005.07.14"]
[Round "6.24"]
[White "Roos, Jean-Luc"]
[Black "Draoui, Najib"]
[Result "1-0"]
[WhiteElo "2285"]
[BlackElo "2374"]
[PlyCount "89"]
[EventDate "2005.07.09"]
[EventType "swiss"]
[EventRounds "9"]
[EventCountry "FRA"]
[Source "lmi"]
[SourceDate "2005.07.17"]

1. d4 d5 2. c4 c6 3. Nf3 Nf6 4. e3 a6 5. Qc2 b5 6. c5 g6 7. Bd3 Qc7 8. b3 Bg7
9. Bb2 O-O 10. Nbd2 Nbd7 11. h3 Ne8 12. a4 Rb8 13. O-O b4 14. a5 Bf6 15. e4
dxe4 16. Nxe4 Bg7 17. Qe2 Nef6 18. Nxf6+ Nxf6 19. Ne5 Nd5 20. Bc4 Be6 21. Rfe1
Rfd8 22. Qf3 Qb7 23. h4 Bxe5 24. Rxe5 Nc7 25. h5 Bd5 26. Qg3 Rd7 27. hxg6 hxg6
28. Rae1 Re8 29. R1e3 Kg7 30. Rh5 Rdd8 31. Qg5 Qc8 32. Qh6+ Kf6 33. Rf3+ Ke6
34. Re5+ Kd7 35. Qh3+ Be6 36. Bxe6+ fxe6 37. Rfe3 Rh8 38. Qg4 Rdg8 39. d5 cxd5
40. Rxe6 Nxe6 41. Qxe6+ Kc7 42. Qb6+ Kd7 43. Qa7+ Kc6 44. Rxe7 Qd8 45. Re6+ 1-0

[Event "Paris ch 2005"]
[Site "Paris FRA"]
[Date "2005.07.14"]
[Round "6.25"]
[White "Onkoud, Abdelaziz"]
[Black "Struk, Jerzy"]
[Result "1-0"]
[WhiteElo "2361"]
[BlackElo "2232"]
[PlyCount "134"]
[EventDate "2005.07.09"]
[EventType "swiss"]
[EventRounds "9"]
[EventCountry "FRA"]
[Source "lmi"]
[SourceDate "2005.07.17"]

1. e4 c5 2. Nf3 Nc6 3. b3 e5 4. Bb2 d6 5. Bb5 Nf6 6. Qe2 Bd7 7. c3 a6 8. Bxc6
Bxc6 9. d3 g6 10. c4 Bg7 11. Nc3 O-O 12. Nd2 Nh5 13. g3 b5 14. O-O-O f5 15. f3
Ra7 16. Rhf1 f4 17. g4 Nf6 18. a3 Ne8 19. Kc2 h6 20. Qf2 Nc7 21. Nd5 Ne6 22.
Ra1 a5 23. Rfb1 Qb8 24. h4 Rb7 25. Bc3 Qa8 26. g5 h5 27. cxb5 Bxb5 28. a4 Bc6
29. Nc4 Bxd5 30. exd5 Nc7 31. Nxd6 Nxd5 32. Nxb7 Nxc3 33. Nd6 Nxb1 34. Rxb1 Qd5
35. Ne4 Rd8 36. Qd2 Qd7 37. Rh1 Qd4 38. Rd1 Ra8 39. Re1 Qd7 40. Rh1 Qd4 41. Qf2
Qd5 42. Rb1 Rd8 43. Qd2 Qd7 44. Rd1 Ra8 45. Qc3 Qh3 46. Qc4+ Kh8 47. Qf7 Rf8
48. Qxg6 Qxf3 49. Rd2 Qg4 50. Nd6 f3 51. Nf7+ Rxf7 52. Qxf7 Qxh4 53. Qxf3 Qxg5
54. Rg2 Qh6 55. Rh2 h4 56. Qa8+ Bf8 57. Qd8 h3 58. Qc8 Kg8 59. Qxh3 Qxh3 60.
Rxh3 Kf7 61. Kc3 Ke6 62. Kc4 Kd6 63. Rh8 Be7 64. Ra8 Kc6 65. Rxa5 Bd6 66. Ra6+
Kc7 67. Kd5 Be7 1-0

[Event "Paris ch 2005"]
[Site "Paris FRA"]
[Date "2005.07.14"]
[Round "6.26"]
[White "Salaun, Yann"]
[Black "Leconte, Maria"]
[Result "1-0"]
[WhiteElo "2345"]
[BlackElo "2296"]
[PlyCount "111"]
[EventDate "2005.07.09"]
[EventType "swiss"]
[EventRounds "9"]
[EventCountry "FRA"]
[Source "lmi"]
[SourceDate "2005.07.17"]

1. d4 Nf6 2. c4 e6 3. Nc3 Bb4 4. e3 O-O 5. Bd3 d5 6. Nge2 dxc4 7. Bxc4 c5 8.
O-O cxd4 9. exd4 Nc6 10. Bg5 Be7 11. h3 b6 12. Qd2 Bb7 13. Rad1 Nb4 14. a3 Nbd5
15. Rfe1 h6 16. Bf4 Nh5 17. Be5 Rc8 18. Bxd5 exd5 19. g4 Nf6 20. Ng3 Ne4 21.
Ngxe4 dxe4 22. d5 f5 23. gxf5 Rxf5 24. Rxe4 Bh4 25. f4 Rf7 26. Kh2 Qd7 27. Re2
Rd8 28. Qe3 Rc8 29. Rg2 Rc5 30. Qf3 Bf6 31. Qg4 Qxg4 32. hxg4 Bd8 33. Rgd2 Rd7
34. Kg3 Kf7 35. f5 Bg5 36. Bf4 Bf6 37. Ne4 Rcxd5 38. Nd6+ R7xd6 39. Bxd6 Rb5
40. b4 Bc6 41. Rc2 Be4 42. Rc4 Bd5 43. Rc7+ Kg8 44. a4 Bb3 45. axb5 Bxd1 46.
Rxa7 Be2 47. Kf4 Bxb5 48. Rb7 Bg5+ 49. Ke5 Bf6+ 50. Kf4 Bg5+ 51. Kg3 Be3 52.
Be5 Bc6 53. Rxg7+ Kf8 54. Rg6 Be4 55. Bf4 Bd4 56. Rd6 1-0

[Event "Paris ch 2005"]
[Site "Paris FRA"]
[Date "2005.07.14"]
[Round "6.27"]
[White "Guadalpi, David"]
[Black "Mingachev, Mansur"]
[Result "0-1"]
[WhiteElo "2300"]
[BlackElo "2337"]
[PlyCount "63"]
[EventDate "2005.07.09"]
[EventType "swiss"]
[EventRounds "9"]
[EventCountry "FRA"]
[Source "lmi"]
[SourceDate "2005.07.17"]

1. e4 e5 2. Bc4 c6 3. d4 d5 4. exd5 cxd5 5. Bb5+ Bd7 6. Bxd7+ Nxd7 7. dxe5 Nxe5
8. Nf3 Ng6 9. O-O Nf6 10. Nc3 Be7 11. Bg5 O-O 12. Bxf6 Bxf6 13. Nxd5 Bxb2 14.
Rb1 Ba3 15. Rxb7 Qa5 16. Qd2 Qa6 17. Rd7 Rac8 18. h4 Qa4 19. h5 Nh4 20. Nxh4
Qxh4 21. Qd3 Bc5 22. Qf5 Rc6 23. Rc7 Rxc7 24. Nxc7 Bd6 25. g3 Bxg3 26. fxg3
Qxg3+ 27. Kh1 Qxc7 28. Rd1 Qc4 29. Rd7 Re8 30. Rd1 h6 31. Rf1 Re2 32. Rf3 0-1

[Event "Paris ch 2005"]
[Site "Paris FRA"]
[Date "2005.07.14"]
[Round "6.28"]
[White "Hess, Robert L"]
[Black "Elbilia, Jacques"]
[Result "1-0"]
[WhiteElo "2278"]
[BlackElo "2336"]
[PlyCount "107"]
[EventDate "2005.07.09"]
[EventType "swiss"]
[EventRounds "9"]
[EventCountry "FRA"]
[Source "lmi"]
[SourceDate "2005.07.17"]

1. e4 e5 2. Nf3 d6 3. d4 Nf6 4. Nc3 Nbd7 5. Bc4 Be7 6. O-O O-O 7. h3 c6 8. Re1
b5 9. Bd3 h6 10. Ne2 Re8 11. Ng3 Bf8 12. c3 Nb6 13. Be3 g6 14. Qd2 Kh7 15. Rad1
Qc7 16. Nh2 Be6 17. b3 a5 18. f4 exf4 19. Bxf4 a4 20. b4 Nc4 21. Qf2 Qd8 22.
Rf1 Bg7 23. Nf3 Kg8 24. Bc1 Rc8 25. Ne1 Qe7 26. Nc2 Nd7 27. Rde1 Qh4 28. Qf3
Kh8 29. Ne2 Rf8 30. Nf4 Ndb6 31. g3 Qe7 32. h4 Qd7 33. h5 Bg4 34. Qh1 g5 35.
Ng2 Bh3 36. Rf3 Bxg2 37. Qxg2 Qg4 38. Ref1 f5 39. Rxf5 Qxh5 40. g4 Qe8 41. e5
dxe5 42. Rxf8+ Bxf8 43. Bxg5 Bg7 44. Qe4 Qg8 45. Qg6 Nd7 46. Bxh6 Nf8 47. Qh5
Bxh6 48. Rf6 Nh7 49. Rxh6 Rc7 50. dxe5 Rg7 51. Bf5 Qf7 52. Qxf7 Rxf7 53. e6 Rc7
54. Bxh7 1-0

[Event "Paris ch 2005"]
[Site "Paris FRA"]
[Date "2005.07.14"]
[Round "6.29"]
[White "Marcelin, Cyril"]
[Black "Houhou, Olivier"]
[Result "1-0"]
[WhiteElo "2481"]
[BlackElo "2253"]
[PlyCount "109"]
[EventDate "2005.07.09"]
[EventType "swiss"]
[EventRounds "9"]
[EventCountry "FRA"]
[Source "lmi"]
[SourceDate "2005.07.17"]

1. d4 Nf6 2. c4 g6 3. g3 Bg7 4. Bg2 d5 5. cxd5 Nxd5 6. e4 Nb6 7. Ne2 O-O 8. O-O
Bg4 9. Nbc3 Nc6 10. d5 Nd4 11. f3 Nxe2+ 12. Qxe2 Bd7 13. Rd1 Qc8 14. Be3 e6 15.
Rac1 c6 16. d6 e5 17. a4 Be6 18. Nd5 Qd7 19. Nc7 Rad8 20. a5 Nc8 21. a6 Nxd6
22. Nxe6 Qxe6 23. axb7 Nb5 24. Rxd8 Rxd8 25. Qc4 Qxc4 26. Rxc4 Nd6 27. Rxc6
Nxb7 28. Bxa7 Rd1+ 29. Bf1 Bf8 30. Rc2 Nd8 31. Kg2 Ne6 32. Be3 Nd4 33. Rc1 Rxc1
34. Bxc1 Bc5 35. Bd2 Nc2 36. Bd3 Ne3+ 37. Kf2 Nd1+ 38. Ke2 Nxb2 39. Bb5 Bd4 40.
Bb4 h5 41. Kd2 Kg7 42. Kc2 f5 43. Ba3 Kf6 44. Bxb2 Bg1 45. h3 Bh2 46. g4 Kg5
47. gxf5 gxf5 48. Bd7 fxe4 49. fxe4 Kf4 50. Kd3 Bg1 51. Bf5 Bb6 52. Kc4 Bc7 53.
Kd5 h4 54. Ba3 Bb6 55. Bc1+ 1-0